STN EN 1330-10 Nedeštruktívne skúšanie. Terminológia Časť 10 Termíny používané pri vizuálnej kontrole

Bibliographic Details
Format: Book
Language:Slovak
PhysicalDescription:24 s.
Published: Bratislava Slovenský ústav technickej normalizácie 2004

MARC

LEADER 00000nam a2200000 a 4500
001 vtls008183966
003 SK-MaSNL
005 20260224204028.0
008 130117s xo u 000 0 slo
015 |a SNBN2013 
040 |a SNK  |b slo  |c SNK  |e AACR2 
245 0 0 |a STN EN 1330-10 Nedeštruktívne skúšanie. Terminológia  |n Časť 10  |p Termíny používané pri vizuálnej kontrole 
260 |a Bratislava  |b Slovenský ústav technickej normalizácie  |c 2004 
300 |a 24 s. 
999 |c 1163465  |d 1165395 
952 |a SNK  |b SNK  |y PREZ  |7 0  |p 17A0479347  |o snkSTN EN 1330-10  |i snk2005/12067  |8 0  |0 0  |1 0  |4 0  |d 2005-07-13  |l 0  |r 2026-02-24 20:40:28  |w 2026-02-24 
952 |a SNK  |b SNK  |y PREZ  |7 0  |p 17A0479348  |o snkSTN EN 1330-10 D1  |i snk2005/12068  |8 0  |0 0  |1 0  |4 0  |d 2005-07-13  |l 0  |r 2026-02-24 20:40:28  |w 2026-02-24